LEADER 01091nam a2200265 i 4500 001 000000218897 003 CaOOAMICUS 005 20130221000000.0 008 130221s1968 it u000 u ita u 013 $a197794 040 $aSeMil$bita 100 1 $aDel Ton, Giuseppe.$0(OLS)http://semarc/name/9753 245 10$aVaticana levia :$bepigrammata /$cJosephi Del Ton. 250 $a2. ed. 260 $aMilano :$bScheiwiller,$c1968. 300 $a149 p. :$bill. ;$c18 cm. 490 0 $aLe pił belle pagine di poeti latini e greci tradotti ;$v3 500 $aTesto orig. a fronte. - Ed. di 1000 esempl. num., copia n. 84. 650 4$aEpigrammi latini.$0(OLS)http://semarc/subject/39883 830 3$aLe pił belle pagine di poeti latini e greci tradotti ;$v3.$0(OLS)http://semarc/title/38092 850 $aSeMil 852 $aSeMil$W1$xVenegono$y1$m1X II 143$j169267$B169267$CSeMilBibl$Z2$F187137 $81 961 $aOmaggio: Altro 996 $6245$aVaticana levia :$bepigrammata$9(OLS)http://semarc/title/314200 996 $6260$aMilano :$bScheiwiller$9(OLS)http://semarc/publisher/32495 LEADER 00823nas a2200181 i 4500 001 000000023838 003 CaOOAMICUS 005 20180830125446.0 008 180830n it u0 ita u 040 $aSeMil$bita 245 12$aI grandi santi della Chiesa /$cCollana diretta da Agostino Saba Dottore dell'Ambrosiana. 260 $aMilano :$bPerinetti Casoni,$c1946[?] 300 $av. ;$c17 cm. 700 1 $aSaba, Agostino,$c.$0(OLS)http://semarc/name/4324 774 0 $aSoranzo, Giovanni <1881-1963>$tSan Carlo Borromeo.$dMilano : Perinetti Casoni, 1944-1945.$w()23852 774 0 $tSan Francesco d'Assisi.$dMilano : Perinetti Casoni, 1944.$w()23853 996 $6245$aI grandi santi della Chiesa$9(OLS)http://semarc/title/13641 996 $6260$aMilano :$bPerinetti Casoni$9(OLS)http://semarc/publisher/31747